000 00680nmc a2200265 a 4500
003 AR-X00000XY
005 20251128211906.0
008 297020s2006 ||||||||||||||000 | spa||
020 _a950-563-251-7
040 _cAR-X00000XY
100 1 _aButti, Enrique M.
245 1 0 _aCada casa, un mundo
250 _a1ª ed.
260 _aBuenos Aires
_bColihue
_c2006
300 0 _a103 p.
_bil.
490 0 _aLa movida
650 4 _aLITERATURA INFANTIL
650 4 _aCUENTOS DE AVENTURAS
653 0 _aCUENTOS DE MISTERIO
655 _aLITERATURA
700 1 _aGonzález, Javier A.
_eilustrador
800 1 _aDe Santis, Pablo
_edirector
942 _cBK
998 _cNancy
999 _c21500
_d21500